[Event "Optiebeurs"]
[Site "Optiebeurs"]
[Date "1988.??.??"]
[Round "3"]
[White "Karpov, Anatoly"]
[Black "Kasparov, Gary"]
[Result "1/2-1/2"]
[WhiteElo "2715"]
[BlackElo "2750"]
[PlyCount "60"]
[EventDate "1988.??.??"]
[Source "www.chesslib.no"]
[SourceDate "2004.05.04"]

1. d4 Nf6 2. c4 g6 3. Nf3 Bg7 4. g3 d5 5. cxd5 Nxd5 6. Bg2 Nb6 7. Nc3 Nc6 8. e3 O-O 9. O-O Re8 10. Re1 e5 11. d5 Na5 12. e4 c6 13. Bg5 f6 14. Be3 Nac4 15. dxc6 Nxe3 16. Qxd8 Rxd8 17. cxb7 Bxb7 18. Rxe3 Bh6 19. Ree1 Nc4 20. Rad1 Kf8 21. h4 Rac8 22. Bh3 Rxd1 23. Rxd1 Nxb2 24. Rd7 Rxc3 25. Rxb7 Nc4 26. Nh2 Nd6 27. Rxa7 Bg7 28. h5 gxh5 29. Ra5 Rc1+ 30. Kg2 Rc2 1/2-1/2

[Event "Wijk aan Zee"]
[Site "?"]
[Date "2001.??.??"]
[Round "?"]
[White "Van Wely, L."]
[Black "Leko, P."]
[Result "1-0"]
[WhiteElo "2700"]
[BlackElo "2745"]
[PlyCount "65"]
[EventDate "2001.??.??"]
[Source "Chess Informant"]
[SourceDate "2000.10.01"]

1. d4 Nf6 2. c4 g6 3. Nf3 Bg7 4. g3 d5 5. cxd5 Nxd5 6. Bg2 Nb6 7. Nc3 Nc6 8. e3 e5 9. O-O O-O 10. d5 Ne7 11. e4 Bg4 12. h3 Bxf3 13. Qxf3 c6 14. Rd1 cxd5 15. exd5 Nf5 16. d6 Rb8 17. Qd3 Nd4 18. Nb5 Nd7 19. Nxd4 exd4 20. Bd2 Re8 21. Rac1 Qf6 22. Bb4 Ne5 23. Qxd4 Nf3+ 24. Bxf3 Qxd4 25. Rxd4 Bxd4 26. d7 Red8 27. Bd6 Ra8 28. Rc7 Bb6 29. Rxb7 Kg7 30. Rxb6 axb6 31. Bxa8 Rxd7 32. Be5+ f6 33. Bc3 1-0

[Event "NBC 2000-02"]
[Site "?"]
[Date "2000.01.01"]
[Round "?"]
[White "Bang Erik"]
[Black "Oosterom Joop van"]
[Result "1/2-1/2"]
[WhiteElo "2661"]
[BlackElo "2684"]
[PlyCount "70"]
[EventDate "2000.??.??"]
[Source "www.chesslib.no"]
[SourceDate "2004.05.04"]

1. Nf3 Nf6 2. c4 g6 3. g3 Bg7 4. Bg2 O-O 5. O-O d5 6. cxd5 Nxd5 7. d4 Nb6 8. Nc3 Nc6 9. d5 Na5 10. Bf4 Bxc3 11. bxc3 Qxd5 12. Bxc7 Qc5 13. Bxb6 axb6 14. Qd4 Be6 15. Rfd1 Nc6 16. Qxc5 bxc5 17. Rdb1 Rfb8 18. Nd2 Bxa2 19. Rb2 Be6 20. Rxa8 Rxa8 21. Rxb7 Ne5 22. h3 Ra1+ 23. Kh2 Ra2 24. Ne4 Rxe2 25. Nxc5 Nf3+ 26. Bxf3 Rxf2+ 27. Kg1 Rxf3 28. Nxe6 fxe6 29. Kg2 Rxc3 30. Rxe7 Re3 31. Kf2 Re5 32. Kf3 h5 33. g4 Kf8 34. Rh7 hxg4+ 35. hxg4 g5 1/2-1/2

[Event "CEZ Trophy Match"]
[Site "?"]
[Date "2005.07.16"]
[Round "2"]
[White "Karpov Anatoly"]
[Black "Navara David"]
[Result "1/2-1/2"]
[WhiteElo "2672"]
[BlackElo "2663"]
[PlyCount "96"]
[EventDate "2005.??.??"]
[Source "www.chesslib.no"]
[SourceDate "2004.05.04"]

1. Nf3 Nf6 2. c4 g6 3. g3 Bg7 4. Bg2 d5 5. cxd5 Nxd5 6. d4 Nb6 7. Nc3 Nc6 8. e3 O-O 9. O-O Re8 10. d5 Na5 11. Nd4 Bd7 12. b3 Rc8 13. Bb2 c6 14. dxc6 Nxc6 15. Nce2 Bg4 16. h3 Bxe2 17. Qxe2 Nxd4 18. Bxd4 Bxd4 19. Rad1 e5 20. Bxb7 Rb8 21. Bg2 Nd5 22. Bxd5 Qxd5 23. exd4 exd4 24. Qd3 Rbd8 25. Rfe1 a5 26. Rxe8+ Rxe8 27. Qc4 Qh5 28. Qxd4 Qxh3 29. Qd5 Qg4 30. Kg2 Qe2 31. Rd2 Qa6 32. Rd4 h5 33. Rf4 Re6 34. Qd7 Qc6+ 35. Qxc6 Rxc6 36. g4 hxg4 37. Rxg4 f5 38. Rd4 Rc2 39. a4 Rc3 40. Rd5 Rxb3 41. Rxa5 Ra3 42. Ra7 g5 43. Ra5 Kg7 44. Rxf5 Rxa4 45. Rxg5+ Kf6 46. Rb5 Ra3 47. f3 Ra4 48. Kg3 Rc4 1/2-1/2

[Event "Campionato europeo 2007 - Spareggi (fin"]
[Site "Dresda GER"]
[Date "2007.04.15"]
[Round "3.1"]
[White "Tkachiev, Vladislav"]
[Black "Sutovsky, Emil"]
[Result "1-0"]
[WhiteElo "2652"]
[BlackElo "2637"]
[PlyCount "75"]
[EventDate "2007.04.03"]
[Source "www.chesslib.no"]
[SourceDate "2004.05.04"]

1. Nf3 Nf6 2. c4 g6 3. g3 Bg7 4. d4 d5 5. cxd5 Nxd5 6. Bg2 Nb6 7. Nc3 Nc6 8. e3 O-O 9. O-O e5 10. d5 e4 11. dxc6 Qxd1 12. Rxd1 exf3 13. Bxf3 bxc6 14. Bd2 Nc4 15. Na4 Rb8 16. Bc3 Bxc3 17. bxc3 Ne5 18. Be2 Be6 19. Rd4 Nd7 20. Rad1 Nb6 21. Nc5 Nd5 22. Nxe6 fxe6 23. R1d2 Nxc3 24. Bg4 Rf6 25. Rc4 Nb5 26. Rxc6 Rb6 27. Rc5 h5 28. Be2 Rf5 29. Rc1 Rd6 30. Rxd6 cxd6 31. Rc8+ Kg7 32. e4 Re5 33. f4 Rxe4 34. Bxb5 Rb4 35. Bc4 d5 36. Bb3 a5 37. Ra8 Rb5 38. Kf2 1-0

[Event "ch-Euro Blitz"]
[Site "Ajaccio FRA"]
[Date "2007.10.25"]
[Round "10"]
[White "Tkachiev, V."]
[Black "Mikhalevski, V."]
[Result "1-0"]
[WhiteElo "2661"]
[BlackElo "2584"]
[PlyCount "89"]
[EventDate "2007.10.25"]
[Source "www.chesslib.no"]
[SourceDate "2004.05.04"]

1. d4 Nf6 2. c4 g6 3. g3 Bg7 4. Bg2 d5 5. cxd5 Nxd5 6. Nf3 Nb6 7. Nc3 Nc6 8. e3 O-O 9. O-O Re8 10. Re1 e5 11. d5 Na5 12. e4 c6 13. b3 cxd5 14. exd5 e4 15. Nxe4 Nxd5 16. Bg5 f6 17. Bd2 Nc6 18. Rc1 Bf5 19. Nh4 Bc8 20. Bh6 Ne5 21. Qxd5+ Qxd5 22. Nxf6+ Bxf6 23. Bxd5+ Be6 24. Bxe6+ Rxe6 25. f4 Bxh4 26. Rxe5 Rxe5 27. fxe5 Bd8 28. Kg2 Kf7 29. Rf1+ Ke7 30. Rf8 Rc8 31. Rh8 Rc2+ 32. Kh3 Bb6 33. Rxh7+ Ke6 34. Bf4 Rxa2 35. Rxb7 Bg1 36. Kg4 Rxh2 37. Rg7 Rb2 38. Rxg6+ Kf7 39. Kf5 Bc5 40. e6+ Kf8 41. Bh6+ Ke7 42. Bg5+ Kf8 43. Rh6 Rxb3 44. Rh8+ Kg7 45. Bf6# 1-0

[Event "Orlando"]
[Site "?"]
[Date "1997.??.??"]
[Round "?"]
[White "Goldin, A."]
[Black "Yermolinsky, A."]
[Result "1/2-1/2"]
[WhiteElo "2595"]
[BlackElo "2650"]
[PlyCount "45"]
[EventDate "1997.??.??"]
[Source "ChessBase"]
[SourceDate "1997.06.01"]

1. d4 Nf6 2. Nf3 g6 3. c4 Bg7 4. g3 d5 5. cxd5 Nxd5 6. Bg2 O-O 7. O-O Nb6 8. Nc3 Nc6 9. d5 Na5 10. Qc2 c6 11. dxc6 Nxc6 12. Rd1 Bf5 13. e4 Bd7 14. Qe2 Qc8 15. Be3 Bxc3 16. bxc3 Bg4 17. Qb5 Qe6 18. Nd4 Qc4 19. Rdb1 Qxb5 20. Nxb5 Nc4 21. Bh6 Rfc8 22. h3 Bd7 23. Nd4 1/2-1/2

[Event "Prag"]
[Site "Prag Prague"]
[Date "1990.??.??"]
[Round "4"]
[White "Timman, Jan Hein"]
[Black "Ftacnik, Lubomir"]
[Result "1/2-1/2"]
[WhiteElo "2680"]
[BlackElo "2560"]
[PlyCount "40"]
[EventDate "1990.??.??"]
[Source "www.chesslib.no"]
[SourceDate "2004.05.04"]

1. d4 Nf6 2. c4 g6 3. g3 Bg7 4. Bg2 d5 5. cxd5 Nxd5 6. Nf3 Nb6 7. Nc3 Nc6 8. e3 O-O 9. O-O Re8 10. Re1 e5 11. d5 Ne7 12. e4 Bg4 13. Qb3 Bxf3 14. Bxf3 c6 15. Bg5 cxd5 16. exd5 Nf5 17. Rad1 Nd6 18. Nb5 Nbc8 19. Nxd6 Nxd6 20. Rc1 Qb8 1/2-1/2

[Event "Campionato europeo 2007"]
[Site "Dresda GER"]
[Date "2007.04.13"]
[Round "10.5"]
[White "Tkachiev, Vladislav"]
[Black "Iordachescu, Viorel"]
[Result "1-0"]
[WhiteElo "2652"]
[BlackElo "2587"]
[PlyCount "71"]
[EventDate "2007.04.03"]
[Source "www.chesslib.no"]
[SourceDate "2004.05.04"]

1. Nf3 Nf6 2. c4 g6 3. g3 Bg7 4. Bg2 d5 5. cxd5 Nxd5 6. d4 Nb6 7. Nc3 Nc6 8. e3 O-O 9. O-O Re8 10. Re1 e5 11. d5 Na5 12. e4 c6 13. b3 cxd5 14. exd5 Bg4 15. Ba3 e4 16. Nxe4 Qxd5 17. Qxd5 Nxd5 18. Rac1 Nc6 19. Nd6 Rxe1+ 20. Rxe1 Ndb4 21. Bxb4 Nxb4 22. Ng5 f6 23. Bxb7 Rb8 24. Ngf7 Nxa2 25. Re7 Bf8 26. Nh6+ Kh8 27. Ndf7+ Kg7 28. Rc7 Be6 29. Ng5+ Kxh6 30. Nxe6 Bd6 31. Rd7 Nc3 32. h4 Ba3 33. g4 Bc1 34. Kf1 Re8 35. Nd8 Rf8 36. Ba6 1-0

[Event "USA-ARM"]
[Site "Glendale"]
[Date "1994.??.??"]
[Round "1"]
[White "Akopian, Vladimir"]
[Black "Yermolinsky, Alex"]
[Result "1/2-1/2"]
[WhiteElo "2605"]
[BlackElo "2620"]
[PlyCount "66"]
[EventDate "1994.05.??"]
[Source "ChessBase"]

1. d4 Nf6 2. c4 g6 3. g3 Bg7 4. Bg2 O-O 5. Nc3 Nc6 6. Nf3 d5 7. cxd5 Nxd5 8. O-O Nb6 9. d5 Na5 10. e4 c6 11. Bg5 h6 12. Bf4 Nac4 13. Qe2 e5 14. dxe6 Bxe6 15. Rad1 Qc8 16. Qc2 g5 17. Bc1 Bg4 18. Rd3 Rd8 19. Rfd1 Qc7 20. b3 Ne5 21. Rxd8+ Rxd8 22. Rxd8+ Qxd8 23. Nxe5 Bxe5 24. h3 Bh5 25. Ne2 Qd6 26. Kh2 Nd7 27. f4 Qc5 28. Qd2 Bxe2 29. fxe5 Nf8 30. Bb2 Bh5 31. Bd4 Qb5 32. Bxa7 Ne6 33. Be3 Qxe5 1/2-1/2

[Event "XXIV ECC"]
[Site "Kallithea GRE"]
[Date "2008.10.20"]
[Round "4"]
[White "Greenfeld, A."]
[Black "Areshchenko, A."]
[Result "0-1"]
[WhiteElo "2560"]
[BlackElo "2664"]
[PlyCount "80"]
[EventDate "2008.10.17"]
[Source "www.chesslib.no"]
[SourceDate "2004.05.04"]

1. d4 Nf6 2. c4 g6 3. g3 d5 4. cxd5 Nxd5 5. Bg2 Nb6 6. Nf3 Bg7 7. Nc3 Nc6 8. e3 O-O 9. O-O Re8 10. d5 Na5 11. Nd4 Bd7 12. e4 Rc8 13. Nb3 Nac4 14. Nc5 c6 15. Bf4 Nxb2 16. Qe2 N6c4 17. e5 cxd5 18. Nxb7 Qb6 19. Nxd5 Qd4 20. Bg5 Bg4 21. Qe4 Qxe4 22. Bxe4 Kf8 23. Rac1 Bxe5 24. Rfe1 f6 25. Bh6+ Kf7 26. Nf4 g5 27. h3 Bd7 28. Bf3 Bf5 29. g4 Bd7 30. Bd5+ e6 31. Rxe5 Nxe5 32. Nd6+ Ke7 33. Nxc8+ Rxc8 34. Rxc8 Bxc8 35. Be4 gxf4 36. Bxf4 Ng6 37. Be3 a6 38. f4 Nc4 39. Bc5+ Nd6 40. Kh2 f5 0-1

[Event "Belfort 85/397"]
[Site "?"]
[Date "2002.??.??"]
[Round "?"]
[White "Tregubov, P."]
[Black "Degraeve, J.-M."]
[Result "1-0"]
[WhiteElo "2627"]
[BlackElo "2595"]
[PlyCount "71"]
[EventDate "2002.??.??"]
[Source "Chess Informant"]
[SourceDate "2002.06.01"]

1. d4 Nf6 2. Nf3 g6 3. c4 Bg7 4. g3 O-O 5. Bg2 d5 6. cxd5 Nxd5 7. O-O Nb6 8. Nc3 Nc6 9. d5 Na5 10. e4 c6 11. Bf4 Nac4 12. Qe2 cxd5 13. Nxd5 Nxd5 14. exd5 Nxb2 15. Ne5 Na4 16. Rac1 Nb6 17. Rfd1 g5 18. Bd2 Qd6 19. Nc4 Nxc4 20. Qxc4 Bf6 21. Bb4 Qb6 22. Qe4 Re8 23. Bf1 Bf5 24. Qxf5 Qxb4 25. d6 Red8 26. d7 Qa4 27. Bg2 Rab8 28. Be4 Kf8 29. Rd3 e6 30. Qxf6 Qxe4 31. Rcd1 Qf5 32. Qh8+ Ke7 33. Qd4 b6 34. Qd6+ Kf6 35. Rc3 Rb7 36. Qc6 1-0

[Event "Corr"]
[Site "?"]
[Date "1999.06.30"]
[Round "?"]
[White "Sloth Jorn"]
[Black "Volchok Alexander"]
[Result "1/2-1/2"]
[WhiteElo "2610"]
[BlackElo "2602"]
[PlyCount "77"]
[EventDate "1999.??.??"]
[Source "www.chesslib.no"]
[SourceDate "2004.05.04"]

1. Nf3 Nf6 2. c4 g6 3. g3 Bg7 4. Bg2 O-O 5. d4 d5 6. cxd5 Nxd5 7. O-O Nb6 8. Nc3 Nc6 9. d5 Na5 10. Qc2 Nxd5 11. Rd1 c6 12. Ne1 Bd7 13. Nxd5 cxd5 14. Rxd5 e6 15. Rd3 Qc8 16. Qxc8 Bxc8 17. Kf1 Nc4 18. Rb1 e5 19. b3 Na5 20. Ba3 Re8 21. Rc1 Bf5 22. Rd5 b6 23. b4 Nb7 24. Bb2 Rac8 25. Rxc8 Bxc8 26. f4 exf4 27. Bxg7 Kxg7 28. gxf4 Rd8 29. Rxd8 Nxd8 30. Kf2 Ne6 31. Ke3 Ba6 32. Bd5 Nc7 33. Bb3 Ne8 34. Nf3 Nd6 35. Ne5 Nf5+ 36. Kd2 Nd4 37. Bxf7 Nxe2 38. Ke3 Nc3 39. Kd2 1/2-1/2

[Event "Praha"]
[Site "?"]
[Date "1990.??.??"]
[Round "?"]
[White "Timman, J."]
[Black "Ftacnik, L."]
[Result "1/2-1/2"]
[WhiteElo "2660"]
[BlackElo "2550"]
[PlyCount "215"]
[EventDate "1990.??.??"]
[Source "ChessBase"]
[SourceDate "1990.07.01"]

1. d4 Nf6 2. c4 g6 3. g3 Bg7 4. Bg2 d5 5. cxd5 Nxd5 6. Nf3 Nb6 7. Nc3 Nc6 8. e3 O-O 9. O-O Re8 10. Re1 e5 11. d5 Ne7 12. e4 Bg4 13. Qb3 Bxf3 14. Bxf3 c6 15. Be3 cxd5 16. exd5 Nf5 17. Rad1 Nd6 18. Nb5 Nbc8 19. Nxd6 Nxd6 20. Bc5 Re7 21. Qb4 Rd7 22. Rc1 Bh6 23. Rc2 Rc8 24. Bg4 f5 25. Bd1 Bf8 26. Bxa7 Nc4 27. d6 Nxd6 28. Rxc8 Nxc8 29. Bb3+ Kh8 30. Bc5 Bg7 31. Ba4 Rd5 32. Bb3 Rd7 33. Ba4 Rd5 34. Be3 b6 35. Rc1 f4 36. Bb3 Rd7 37. gxf4 exf4 38. Qxf4 Bxb2 39. Rc6 Bg7 40. Be6 Rd1+ 41. Kg2 Ne7 42. Rc4 b5 43. Re4 Qa8 44. Qf3 Nd5 45. Bg5 Nc3 46. Re3 Qxf3+ 47. Kxf3 h6 48. Bh4 Bd4 49. Bb3 Bxe3 50. Bf6+ Kh7 51. Bxd1 Bd2 52. Bb3 g5 53. Bf7 h5 54. h3 Kh6 55. Bd4 Kh7 56. a3 Nb1 57. Bb2 Bc3 58. Bxc3 Nxc3 59. Be8 Kg7 60. Ke3 Kf6 61. Kd4 Nd1 62. f3 Nf2 63. Bxh5 Nxh3 64. Kc5 Nf4 65. Bg4 Ke7 66. Bf5 Kd8 67. Kxb5 Kc7 68. Be4 Ne2 69. Kc5 Nf4 70. a4 Ne6+ 71. Kd5 Nf4+ 72. Kc5 Ne6+ 73. Kb5 Nd4+ 74. Kc4 Ne6 75. a5 Kb8 76. Kd5 Nf4+ 77. Ke5 Ka7 78. Kf5 Ne2 79. Bd3 Nd4+ 80. Ke4 Nb3 81. a6 Kb6 82. Ke3 Na5 83. Kd4 Nc6+ 84. Ke4 Nb4 85. Be2 Nc6 86. Bc4 Nb4 87. Bb5 Nc2 88. Kd3 Ne1+ 89. Ke3 Nc2+ 90. Ke4 Ne1 91. Bd3 Ng2 92. Kd4 Ne1 93. Ke3 Ng2+ 94. Kf2 Nf4 95. Bc4 Ng6 96. Ke3 Ne5 97. Bf1 Ng6 98. Ke4 Nh4 99. Be2 Ng2 100. Kf5 Ne1 101. Kg4 Nc2 102. Bd3 Nd4 103. Kg3 Ne6 104. Kf2 Nf4 105. Bc4 Ng6 106. Bf1 Ne5 107. Be2 Ng6 108. Bd3 1/2-1/2

[Event "corr Bozidar Kazic mem"]
[Site "?"]
[Date "1998.??.??"]
[Round "?"]
[White "Rause, Olita V. (LAT)"]
[Black "Hamarat, Tunc (OST)"]
[Result "1/2-1/2"]
[WhiteElo "2615"]
[BlackElo "2595"]
[PlyCount "53"]
[EventDate "1998.??.??"]
[Source "www.chesslib.no"]
[SourceDate "2004.05.04"]

1. d4 Nf6 2. Nf3 g6 3. c4 Bg7 4. g3 O-O 5. Bg2 d5 6. cxd5 Nxd5 7. O-O Nb6 8. Nc3 Nc6 9. d5 Na5 10. Bf4 c6 11. dxc6 Qxd1 12. Rfxd1 Nxc6 13. Nd2 Bf5 14. a4 Na5 15. Rac1 Rac8 16. b4 Rxc3 17. bxa5 Nxa4 18. Bxb7 a6 19. Bxa6 Ra8 20. Bb7 Rxc1 21. Rxc1 Rxa5 22. Rc7 Bf6 23. Ne4 Bxe4 24. Bxe4 h5 25. Bd2 Rc5 26. Ra7 Nc3 27. Bd3 1/2-1/2

[Event "Essen 75/416"]
[Site "?"]
[Date "1999.??.??"]
[Round "?"]
[White "Dautov, Rustem"]
[Black "Sutovsky, Emil"]
[Result "1-0"]
[WhiteElo "2598"]
[BlackElo "2612"]
[PlyCount "123"]
[EventDate "1999.??.??"]
[Source "ChessBase"]
[SourceDate "1999.02.01"]

1. d4 Nf6 2. c4 g6 3. Nf3 Bg7 4. g3 d5 5. cxd5 Nxd5 6. Bg2 Nb6 7. Nc3 Nc6 8. e3 O-O 9. O-O Re8 10. d5 Na5 11. Nd4 Bd7 12. e4 c5 13. Nf3 Nbc4 14. Qc2 b5 15. b3 b4 16. bxc4 Bxc3 17. Bb2 Bxb2 18. Qxb2 Nxc4 19. Qc1 Bb5 20. Qh6 f6 21. Rfc1 Nd6 22. Rxc5 Qb6 23. Qe3 Nc4 24. Qd4 Rac8 25. Rxc8 Rxc8 26. Rc1 Qxd4 27. Nxd4 Bd7 28. Nc6 Bxc6 29. Bh3 f5 30. Rxc4 Bb7 31. Rxb4 Ba6 32. Kg2 Rc1 33. Kf3 Rc3+ 34. Kf4 Rc2 35. Ke3 fxe4 36. Rxe4 Rxa2 37. Be6+ Kg7 38. Rf4 Re2+ 39. Kf3 Re1 40. Rf7+ Kh6 41. Rxe7 Bd3 42. Rxa7 g5 43. h4 Kg6 44. hxg5 Kxg5 45. Ra4 Be2+ 46. Kg2 Bf1+ 47. Kh2 Rd1 48. f4+ Kh5 49. Re4 Rd2+ 50. Kg1 Bg2 51. Re5+ Kg6 52. g4 Bf3 53. g5 Rd4 54. f5+ Kg7 55. f6+ Kf8 56. Kf2 Bh1 57. Ke3 Rd1 58. Kf4 Rd4+ 59. Kg3 Be4 60. Kf2 Bg6 61. Re1 h6 62. Rh1 1-0

[Event "Aeroflot Open"]
[Site "Moscow"]
[Date "2004.02.22"]
[Round "6"]
[White "Tkachiev, Vladislav"]
[Black "Kudrin, Sergey"]
[Result "1-0"]
[WhiteElo "2642"]
[BlackElo "2565"]
[PlyCount "73"]
[EventDate "2004.02.17"]
[Source "Roberto Alvarez"]
[SourceDate "2004.03.01"]

1. c4 g6 2. Nf3 Bg7 3. d4 Nf6 4. g3 d5 5. cxd5 Nxd5 6. Bg2 Nb6 7. Nc3 Nc6 8. e3 O-O 9. O-O Re8 10. Re1 a5 11. d5 Bxc3 12. bxc3 Nxd5 13. Qb3 a4 14. Qc2 Nb6 15. c4 Bf5 16. e4 Bg4 17. c5 Bxf3 18. Bxf3 Nd4 19. Qc3 Nxf3+ 20. Qxf3 Nd7 21. Qc3 Nb8 22. Rb1 Ra7 23. c6 bxc6 24. Be3 Ra8 25. e5 Qd5 26. e6 f6 27. Bh6 Qxa2 28. Rb4 Qd5 29. Rf4 Qh5 30. Rh4 Qa5 31. Qc1 g5 32. Rc4 Qf5 33. h4 Ra5 34. hxg5 fxg5 35. Qc3 Qg6 36. Qxa5 Qxh6 37. Rg4 1-0

[Event "5th IECC Playoff 5th"]
[Site "Antalya"]
[Date "2004.05.30"]
[Round "2"]
[White "Navara, David"]
[Black "Miroshnichenko, Evgenij"]
[Result "1/2-1/2"]
[WhiteElo "2602"]
[BlackElo "2599"]
[PlyCount "69"]
[EventDate "2004.05.30"]
[Source "Roberto Alvarez"]
[SourceDate "2004.05.31"]

1. c4 Nf6 2. Nc3 g6 3. g3 Bg7 4. Bg2 O-O 5. d4 Nc6 6. Nf3 d5 7. cxd5 Nxd5 8. O-O Nb6 9. d5 Na5 10. e4 c6 11. Bg5 h6 12. Bf4 cxd5 13. exd5 Nac4 14. Qe2 Bg4 15. Rac1 Rc8 16. b3 Nd6 17. Be5 Bxf3 18. Bxf3 Re8 19. Rfe1 Nd7 20. Bxd6 exd6 21. Qxe8+ Qxe8 22. Rxe8+ Rxe8 23. Ne4 Ne5 24. Bg2 Rd8 25. Rc7 f5 26. Nd2 Rd7 27. Rxd7 Nxd7 28. Nc4 Bf8 29. Na5 b6 30. Nc6 a5 31. Kf1 Kf7 32. Ke2 Bg7 33. Kd3 Ne5+ 34. Nxe5+ Bxe5 35. f4 1/2-1/2

[Event "Beersheba"]
[Site "Beersheba"]
[Date "1993.??.??"]
[Round "7"]
[White "Gurevich, Dmitry"]
[Black "Kortschnoj, Viktor"]
[Result "1/2-1/2"]
[WhiteElo "2575"]
[BlackElo "2625"]
[PlyCount "68"]
[EventDate "1993.10.??"]
[Source "ChessBase"]

1. d4 Nf6 2. c4 g6 3. g3 Bg7 4. Bg2 d5 5. cxd5 Nxd5 6. Nf3 O-O 7. O-O Nb6 8. e3 Nc6 9. Qe2 e5 10. dxe5 Nxe5 11. Nxe5 Bxe5 12. Rd1 Qe7 13. Nc3 Re8 14. e4 Bd7 15. a4 Bxc3 16. bxc3 Bxa4 17. Rd4 Bb3 18. Qb5 Qe6 19. h4 a6 20. Qg5 Nd7 21. Bf4 f6 22. Qa5 b6 23. Qa3 Ne5 24. Bxe5 fxe5 25. Bh3 Qxh3 26. Qxb3+ Qe6 27. Qxe6+ Rxe6 28. Rd7 Rc6 29. Re7 Rf8 30. Rxa6 Rxc3 31. Ra2 Rc5 32. g4 Rf7 33. Re8+ Kg7 34. g5 Rf8 1/2-1/2